A first course in modular forms

Αποθηκεύτηκε σε:
Λεπτομέρειες βιβλιογραφικής εγγραφής
Κύριος συγγραφέας: Diamond, Fred
Άλλοι συγγραφείς: Shurman, Jerry Michael
Μορφή: Βιβλίο
Γλώσσα:English
Δημοσίευση: New York : Springer, 2005
Σειρά:Graduate texts in mathematics ; ; 228
Θέματα:
Ετικέτες: Προσθήκη ετικέτας
Δεν υπάρχουν, Καταχωρήστε ετικέτα πρώτοι!

MARC

LEADER 00000nam a2200000 i 4500
001 1/51860
008 070821s2005 eng d
020 |a 978-0-387-23229-4 
020 |a 0-387-23229-X 
035 |l 10089838 
040 |a GR-MY-UA  |b gre  |e aacr 
041 0 |a eng 
082 0 |a 512.73  |2 (22) 
100 1 |a Diamond, Fred. 
245 1 2 |a A first course in modular forms /  |c Fred Diamond, Jerry Shurman 
260 |a New York :   |b Springer,   |c 2005 
300 |a xv, 436 σ.;  |b εικ.;  |c 25 εκ. 
490 1 |a Graduate texts in mathematics  |v ; 228 
504 |a Περιλαμβάνει βιβιλιογραφικές παραπομπές (σ.[433]-436) και ευρετήριο 
650 0 0 |a Forms, Modular. 
700 1 |a Shurman, Jerry Michael. 
830 0 |a Graduate texts in mathematics ;  |v ; 228 
852 |a INST  |b SAMOS  |e 20070821  |h 512.73 DIA  |p 005300028481  |q 005300028481  |t BK  |y 0 
901 |a BIBL3-2007-2 
909 |a Σ  |b 137065 
922 |a 3ΕΛΗ  |b 200707  |c ΕΠΕΑΕΚ2/ΤΜΗΜΑ ΜΑΘΗΜΑΤΙΚΩΝ  |d ΠΑΠΑΣΩΤΗΡΙΟΥ